| 000 | 01573nas a2200445 i 4500 | ||
|---|---|---|---|
| 001 | 196106 | ||
| 003 | ES-MaACL | ||
| 005 | 20240826135234.0 | ||
| 006 | m g d | | ||
| 007 | cr*||||||||||| | ||
| 008 | 240812c20109999sp sr p s 0 b0spa | ||
| 010 |
_an _b0 |
||
| 022 | 0 |
_a2013-4487 _2_u |
|
| 035 | _a(OCoLC)776714771 | ||
| 035 | _a(SpMaBN)a5102658 | ||
| 035 | _a991031819169708606 | ||
| 040 |
_aSpMaBN _bspa _cSpMaBN _erdc _dES-MaACL |
||
| 080 | _a615 | ||
| 130 | 3 |
_aEl Farmacéutico (Barcelona. Internet) _9238276 |
|
| 210 | 0 |
_aFarmacéutico _bBarc., Internet |
|
| 222 | 3 |
_aEl Farmacéutico _bBarcelona. Internet |
|
| 245 | 1 | 3 |
_aEl Farmacéutico: _bprofesión y cultura |
| 260 |
_a[Barcelona] : _bMayo, _c[2011]- |
||
| 310 | _aQuincenal | ||
| 336 |
_aTexto (visual) _2rdacontent |
||
| 337 |
_aelectrónico _2rdamedia |
||
| 338 |
_2rdacarrier _avolumen |
||
| 362 | 0 | _aN. 445 (dic. 2010)- | |
| 500 | _aÚltima consulta, 12 agosto 2024 | ||
| 530 | _aTambién en edición impresa | ||
| 594 | _aTítulo tomado de la página principal (consultada el 12 de agosto de 2024) | ||
| 650 | 7 |
_aFarmacia _9136083 |
|
| 655 | 0 |
_aPáginas Web _2tgfbne _9226719 |
|
| 655 | 0 |
_aRevistas electrónicas _9226718 |
|
| 776 | 1 |
_iVersión impresa _tEl Farmacéutico (Barcelona) = _xISSN 0213-7283 _0196104 _w196104 |
|
| 856 | 4 | 0 |
_uhttps://www.elfarmaceutico.es/revista-digital _yAcceso electrónico |
| 942 |
_2udc _n0 _cREV_E |
||
| 955 | _bInmaculada Vicente García | ||
| 999 |
_c196106 _d196106 |
||